守護生命的關鍵力量 : (Record no. 7622)

MARC details
000 -LEADER
fixed length control field 00911cam a2200313 ib4500
001 - CONTROL NUMBER
control field 2469422
003 - CONTROL NUMBER IDENTIFIER
control field YEEZEN
005 - DATE AND TIME OF LATEST TRANSACTION
control field 20241226104626.0
008 - FIXED-LENGTH DATA ELEMENTS--GENERAL INFORMATION
fixed length control field 241125s2024 ch g 000 0 chi d
020 ## - INTERNATIONAL STANDARD BOOK NUMBER
International Standard Book Number 9786263559370
Qualifying information (平裝) :
Terms of availability NT$480
040 ## - CATALOGING SOURCE
Original cataloging agency TCPL
Language of cataloging chi
Transcribing agency TCPL
Modifying agency TCPL
Description conventions ccr
042 ## - AUTHENTICATION CODE
Authentication code nbic
084 ## - OTHER CLASSIFICATION NUMBER
Classification number 487.1
Number source ncsclt
090 ## - LOCALLY ASSIGNED LC-TYPE CALL NUMBER (OCLC); LOCAL CALL NUMBER (RLIN)
Classification number (OCLC) (R) ; Classification number, CALL (RLIN) (NR) 487.1
100 1# - MAIN ENTRY--PERSONAL NAME
Personal name 朱乙真
245 10 - TITLE STATEMENT
Title 守護生命的關鍵力量 :
Remainder of title 醫療幕後英雄醫工師 /
Statement of responsibility, etc. 朱乙真, 黃筱珮, 邵冰如著
246 30 - VARYING FORM OF TITLE
Title proper/short title 醫療幕後英雄醫工師
250 ## - EDITION STATEMENT
Edition statement 第一版
260 ## - PUBLICATION, DISTRIBUTION, ETC.
Place of publication, distribution, etc. 臺北市 :
Name of publisher, distributor, etc. 遠見天下文化,
Date of publication, distribution, etc. 2024.09
300 ## - PHYSICAL DESCRIPTION
Extent 287面 ;
Dimensions 21公分
490 1# - SERIES STATEMENT
Series statement 財經企管 ;
Volume/sequential designation 856.
650 #7 - SUBJECT ADDED ENTRY--TOPICAL TERM
Topical term or geographic name entry element 醫院衛材管理
Source of heading or term lcstt.
650 #7 - SUBJECT ADDED ENTRY--TOPICAL TERM
Topical term or geographic name entry element 醫療用品
Source of heading or term lcstt.
650 #7 - SUBJECT ADDED ENTRY--TOPICAL TERM
Topical term or geographic name entry element 機器維修
Source of heading or term lcstt.
700 1# - ADDED ENTRY--PERSONAL NAME
Personal name 黃筱珮
700 1# - ADDED ENTRY--PERSONAL NAME
Personal name 邵冰如
830 #0 - SERIES ADDED ENTRY--UNIFORM TITLE
Uniform title 財經企管 ;
Volume/sequential designation 856.
942 ## - ADDED ENTRY ELEMENTS (KOHA)
Source of classification or shelving scheme 中文圖書分類法
Koha item type 一般圖書
Holdings
撤銷狀態 遺失狀態 分類號來源 損壞狀態 不外借 永久館藏地 現在館藏地 書架位置 採購日期 全部借出 完整索書號 條碼號 最後一次日期記錄 Date last checked out 一般價格有效日期 Koha館藏類型 公開資訊
未註銷館藏 未遺失 中文圖書分類法 未損毀 可外借 怡仁綜合醫院圖書館 怡仁綜合醫院圖書館   2024-12-26 1 487.1 C03206 2025-04-11 2025-03-28 2024-12-26 一般圖書 他們是醫療儀器設備的「醫師」 被稱為「醫工師」 從透析用的逆滲透純水 到尖端的質子治療儀、重粒子放射治療儀器 醫工師每天照顧醫院上千項醫療儀器與設備 全年無休
怡仁醫院| 地址:32643桃園市楊梅區楊新北路321巷30號 | 服務專線:03-4855566 | 電子郵件信箱:
Copyright © 1996 CHC Hospital